I Concerti per Flauto e archi [CD аудио] (Запис номер 221393)
[ съкратено ]
| 000 -Лидер | |
|---|---|
| Контролно поле с фиксирана дължина | 01809njm a2200481 c 4500 |
| 003 - Код на организацията, давaща контролен номер | |
| Контролно поле | BLK |
| 005 - Дата и час на последна редакция | |
| Контролно поле | 20180422121452.0 |
| 008 - Елементи от данни с фиксирана дължина | |
| fixed length control field | 180410b bul||n||s|||||||| n|bulo| |
| 010 ## - Наследен системен номер | |
| LC control number | CDD00003864000 |
| 040 ## - Източник на каталожния запис | |
| Идентификатор на билиотеката - собственик на записа | BLK |
| 041 ## - Код за език | |
| Код за езика на текст/звукозапис или на отделно заглавие | Италиански |
| Код за езика КДБФ | Други |
| 080 ## - УДК | |
| Текстов определител УДК | Концерт за флейта и оркестър |
| УДК код - определител по УДК | 785.6:788.5 |
| УДК определител | |
| УДК - код + определител | 785.6:788.5 |
| 100 1# - Редна дума - Автор | |
| Автор | Scarlatti, Alessandro |
| Авторска отговорност | първи автор |
| R(LIN) | 354555 |
| 139 ## - Редно поле | |
| Редна дума | Scarlatti, Alessandro |
| Авторски знак | Sc - S 30 |
| 245 10 - Сведения за заглавието | |
| Заглавие | I Concerti per Flauto e archi [CD аудио] |
| Редно поле (дума) | Alessandro Scarlatti; * Алесандро Скарлати; изп. Modo Antiquo; диригент Federico Maria Sardelli. |
| 257 ## - Страна на издаване | |
| Страна на създаване/издаване | Италия |
| 260 ## - Област на издателските данни | |
| -- | Pianoro |
| Име на издателя, разпространителя и проч. | Toctus |
| Година на издаване | 2000 |
| 300 ## - Физическа характеристика | |
| Страници | 12 cm. Stereo |
| 306 ## - Продължителност на изпълнението | |
| Времетраене | 67мин. 2сек. |
| 380 ## - Жанр | |
| Жанр | Изкуство |
| 500 ## - Общи забележки | |
| Забележка | Прил. към сп. ORFEO |
| 505 ## - Форматирана забележка | |
| Заглавие | Concerto in la maggiore |
| 505 ## - Форматирана забележка | |
| Авторската отговорност | флейта Federico Maria Sardelli. |
| Заглавие | Concerto in do minore |
| 505 ## - Форматирана забележка | |
| Авторската отговорност | флейта Ugo Galasso. |
| Заглавие | Concerto in la minore |
| 505 ## - Форматирана забележка | |
| Авторската отговорност | флейта Federico Maria Sardelli. |
| Заглавие | Concerto in re maggiore |
| 505 ## - Форматирана забележка | |
| Заглавие | Concerto in sol minore |
| 505 ## - Форматирана забележка | |
| Заглавие | Concerto in do maggiore |
| 505 ## - Форматирана забележка | |
| Заглавие | Concerto in la minore |
| 505 ## - Форматирана забележка | |
| Заглавие | Concerto in fa maggiore |
| 505 ## - Форматирана забележка | |
| Авторската отговорност | цигулка Federico Maria Sardelli. |
| Заглавие | Concerto in la maggiore |
| 590 ## - Забележки на библиотеката, притежаваща документа (RLIN) | |
| Служебно | S.N: 101318 от КНИГИ |
| 650 #4 - Допълнително описание по предмет – тема | |
| Основно описание – тема или топоним | Флейта - концерти, концертини |
| 9 (RLIN) | 353950 |
| 653 ## - Ключова дума – ненормативна | |
| Ключова дума | флейта |
| 653 ## - Ключова дума – ненормативна | |
| Ключова дума | концерти |
| 700 1# - Други автори (авторска отговорност) | |
| Лично име | Скарлати, Алесандро |
| Автороска отговорност (Описва отношението между автора и произведението) | * |
| 9 (RLIN) | 387791 |
| 700 1# - Други автори (авторска отговорност) | |
| Лично име | Modo Antiquo |
| Автороска отговорност (Описва отношението между автора и произведението) | изп. |
| 9 (RLIN) | 18963 |
| 700 1# - Други автори (авторска отговорност) | |
| Лично име | Sardelli, Federico Maria |
| Автороска отговорност (Описва отношението между автора и произведението) | диригент |
| 9 (RLIN) | 23271 |
| 852 ## - Местоположение | |
| Форматна сигнатура | Цб CD 435 |
| Част | 10 |
| 856 4# - Електронен адрес и достъп | |
| Електронен формат | pdf - файл |
| Път до файла /url/ | |
| 856 4# - Електронен адрес и достъп | |
| Електронен формат | pdf - файл |
| Път до файла /url/ | |
| 942 ## - АРТИКУЛИ | |
| Вид на библиотечния материал | Компактдискове |
| Скрит в OPAC | Не |
| 944 ## - СЪЗДАВАНЕ И РЕДАКЦИЯ на ЗАПИСА | |
| Създаване/Редакция | Създаване |
| Дата на регистрацията/редакция | 06.02.2004 |
| Служител, извършил регистрацията/редакцията | Теодора_Стоянова |
| 944 ## - СЪЗДАВАНЕ И РЕДАКЦИЯ на ЗАПИСА | |
| Създаване/Редакция | Редакция |
| Дата на регистрацията/редакция | 25.03.2013 |
| Служител, извършил регистрацията/редакцията | |
| 999 ## - СИСТЕМНИ КОНТРОЛНИ НОМЕРА | |
| Koha biblionumber | 221393 |
| Koha biblioitemnumber | 221393 |
| Код за отписване | Код за изгубен артикул | Източник на класификационната схема | Код за повреда | Коз за рестрикции | Код за отдаване | Артикулен № | Име на библиотеката - собственик | Име на библиотеката, в която се намира в момента | Статус (Текущо местоположение) | Дата на вписване в системата | Местоположение - отдел | Цена в лева | Инвентарен номер | Систематично азбучна сигнатура | Баркод | Номер на екземпляра | Цена в евро | Служебна бележка | Служебен тип на артикула |
|---|---|---|---|---|---|---|---|---|---|---|---|---|---|---|---|---|---|---|---|
| Не е изгубен | Universal Decimal Classification | Не е повреден | без рестрикции | заемане за дома | 393287 | Регионална библиотека "Любен Каравелов" Русе | Регионална библиотека "Любен Каравелов" Русе | Отдел Изкуство - подръчен фонд | 2002-05-11 | Отдел Изкуство - подръчен фонд | 3.00 | 250000000440 | 785/S 30 | 250000000440 | 1 | 1.53 | Дост: Pk Вид: Ф N: 132 Дата: 08.05.2002 | Компактдискове |